Southville International School and Colleges
Your cart is empty.
  • Cart
  • Lists
    Public lists Eva Luna New books Lux_list list_1
    Your lists Log in to create your own lists
  • Log in to your account
  • Your cookies
  • Search history
Southville International School and Colleges
  • Advanced search
  • Recent comments
  • Most popular
  • Libraries

Log in to your account

Log in with GOOGLE


If you do not have an external account, but do have a local account, you can still log in:

  1. Home
  2. MARC view: 8 secrets to raising successful kids :
Normal view MARC view ISBD view

8 secrets to raising successful kids : (Record no. 366443)

[ view plain ]
MARC details
000 -LEADER
fixed length control field 00654nam a22001937a 4500
003 - CONTROL NUMBER IDENTIFIER
control field 0
005 - DATE AND TIME OF LATEST TRANSACTION
control field 20241003092207.0
008 - FIXED-LENGTH DATA ELEMENTS--GENERAL INFORMATION
fixed length control field 241003b xxu||||| |||| 00| 0 eng d
020 ## - INTERNATIONAL STANDARD BOOK NUMBER
International Standard Book Number 9780800734695
050 ## - LIBRARY OF CONGRESS CALL NUMBER
Classification number HQ 755.8
Item number .L446 2021
100 ## - MAIN ENTRY--PERSONAL NAME
Personal name Leman, Kevin,
Relator term author.
245 ## - TITLE STATEMENT
Title 8 secrets to raising successful kids :
Remainder of title nurturing character, respect, and a winning attitude /
Statement of responsibility, etc Dr. Kevin Leman.
260 ## - PUBLICATION, DISTRIBUTION, ETC. (IMPRINT)
Place of publication, distribution, etc Grand Rapids, Michigan :
Name of publisher, distributor, etc Revell, a division of Baker Publishing Group,
Date of publication, distribution, etc 2021.
300 ## - PHYSICAL DESCRIPTION
Extent 249 p. ;
Dimensions 23 cm.
504 ## - BIBLIOGRAPHY, ETC. NOTE
Bibliography, etc Includes bibliographical references.
650 ## - SUBJECT ADDED ENTRY--TOPICAL TERM
Topical term or geographic name as entry element Parenting.
650 ## - SUBJECT ADDED ENTRY--TOPICAL TERM
Topical term or geographic name as entry element Parent and child.
942 ## - ADDED ENTRY ELEMENTS (KOHA)
Source of classification or shelving scheme Library of Congress Classification
Koha item type Books
Holdings
Withdrawn status Lost status Source of classification or shelving scheme Damaged status Home library Current library Shelving location Date acquired Source of acquisition Sub Shelving location Total Checkouts Full call number Barcode Date last seen Price effective from Koha item type
    Library of Congress Classification   Luxembourg Library Luxembourg Library Teachers Reference Section 10/03/2024 Library Fund     HQ 755.8 .L446 2021 21257 10/03/2024 10/03/2024 Books

8 secrets to raising successful kids :

APA

Leman K., . (2021). 8 secrets to raising successful kids. Grand Rapids, Michigan: Revell, a division of Baker Publishing Group.

Chicago

Leman Kevin, . 2021. 8 secrets to raising successful kids. Grand Rapids, Michigan: Revell, a division of Baker Publishing Group.

Harvard

Leman K., . (2021). 8 secrets to raising successful kids. Grand Rapids, Michigan: Revell, a division of Baker Publishing Group.

MLA

Leman Kevin, . 8 secrets to raising successful kids. Grand Rapids, Michigan: Revell, a division of Baker Publishing Group. 2021.

  • Place hold
  • Print
  • Cite
  • Add to your cart (remove)
  • Save record
    BIBTEX Dublin Core MARCXML MARC (non-Unicode/MARC-8) MARC (Unicode/UTF-8) MARC (Unicode/UTF-8, Standard) MODS (XML) RIS
  • More searches
    Search for this title in:
    Other Libraries (WorldCat) Other Databases (Google Scholar) Online Stores (Bookfinder.com) Open Library (openlibrary.org)

Exporting to Dublin Core...

SOUTHVILLE LIBRARY

Southville International School and Colleges Library

1281 Tropical Ave. Cor. Luxembourg St., BF Homes International, Las Pinas City

Tel. No. 8256374 / 252358 Loc. 117/146

Powered by Koha